R. Tanḥum / (Record no. 31637)
[ view plain ]
| 000 -LEADER | |
|---|---|
| fixed length control field | 00590cam a22002291i 4500 |
| 001 - CONTROL NUMBER | |
| control field | he 66000606 |
| 003 - CONTROL NUMBER IDENTIFIER | |
| control field | DLC |
| 005 - DATE AND TIME OF LATEST TRANSACTION | |
| control field | 20260227111437.0 |
| 008 - FIXED-LENGTH DATA ELEMENTS--GENERAL INFORMATION | |
| fixed length control field | 860228s1966 is 000 1 yid |
| 010 ## - LIBRARY OF CONGRESS CONTROL NUMBER | |
| LC control number | he 66000606 |
| 035 ## - SYSTEM CONTROL NUMBER | |
| System control number | (OCoLC)13212207 |
| 040 ## - CATALOGING SOURCE | |
| Original cataloging agency | DLC |
| Transcribing agency | WM |
| Modifying agency | CU |
| -- | DLC |
| 042 ## - AUTHENTICATION CODE | |
| Authentication code | premarc |
| 050 00 - LIBRARY OF CONGRESS CALL NUMBER | |
| Classification number | PJ5129.H526 |
| Item number | R2 |
| 100 1# - MAIN ENTRY--PERSONAL NAME | |
| Personal name | Hofer, Jechiel. |
| 245 10 - TITLE STATEMENT | |
| Title | R. Tanḥum / |
| Statement of responsibility, etc. | Yeḥiʼel Hofer. |
| 260 ## - PUBLICATION, DISTRIBUTION, ETC. | |
| Place of publication, distribution, etc. | Tel Aviv : |
| Name of publisher, distributor, etc. | I.L. Peretz, |
| Date of publication, distribution, etc. | 1966. |
| 300 ## - PHYSICAL DESCRIPTION | |
| Extent | 218 p. ; |
| Dimensions | 22 cm. |
| 500 ## - GENERAL NOTE | |
| General note | Added t.p.: Reb Tanchum. |
| 740 0# - ADDED ENTRY--UNCONTROLLED RELATED/ANALYTICAL TITLE | |
| Uncontrolled related/analytical title | Reb Tanchum. |
| 740 0# - ADDED ENTRY--UNCONTROLLED RELATED/ANALYTICAL TITLE | |
| Uncontrolled related/analytical title | Reb Tanḥum. |
No items available.